000 00740nam0a22002531 4500
001 rc\488487
005 20250621103641.0
010 _a5-211-00328-4
_940000
035 _a(NLR Aleph) 005730651
090 _a7575277
_c7575277
100 _a20030616d1988 |||y0rusy50 ca
101 0 _arus
102 _aRU
105 _ay |||||||||
200 1 _aКак мы говорим и пишем
210 _aМ.
_cИзд-во МГУ
_d1988
215 _a73, [1] с.
_d20
700 1 _4070
_7ca
_8rus
_aБудагов
_bР. А.
_f1910-2001
_gРубен Александрович
_92641319
_3RU\NLR\AUTH\770273143
801 0 _aRU
_bNLR
_gpsbo
801 1 _aRU
_bELAR
_2rusmarc
852 _aNLR
_j88-4/23377
942 _cBOOK
980 _aNB